000 00920cam a22002413a 4500
001 20819
003 PGUSA
005 20140828083437.0
008 070314s2007||||xxu|||||s|||||000 | eng d
040 _aPGUSA
_beng
042 _adc
050 4 _aBJ
100 1 _aWeaver, G. S.
_q(George Sumner),
_d1818-1908
245 1 0 _aAims and Aids for Girls and Young Women :
_bOn the Various Duties of Life, Physical, Intellectual, And Moral Development; Self-Culture, Improvement, Dress, Beauty, Fashion, Employment, Education, The Home Relations, Their Duties To Young Men, Marriage, Womanhood And Happiness.
_h[electronic resource] /
_cG. S. Weaver
260 _bProject Gutenberg,
_c2007
506 _aPublic domain in the USA.
516 _aElectronic text
653 _aConduct of life
653 _aYoung women
830 0 _aProject Gutenberg
_v20819
856 4 0 _uhttp://www.gutenberg.org/ebooks/20819
942 _cEB
999 _c250074
_d250074